[Event "Aegean op 39th"]
[Site "Aghios Kirykos"]
[Date "2016.07.11"]
[Round "1"]
[White "Verduyn, Philippe"]
[Black "Kabanis, Nikolaos"]
[Result "1-0"]
[WhiteElo "2186"]
[BlackElo "1651"]
[PlyCount "78"]
[EventDate "2016.07.11"]
[EventType "swiss"]
[EventRounds "9"]
[EventCountry "GRE"]
[SourceTitle "EXT 2017"]
[Source "ChessBase"]
[SourceDate "2016.10.25"]
[SourceVersion "1"]
[SourceVersionDate "2016.10.25"]
[SourceQuality "1"]

1. e4 c5 2. Nc3 d6 3. g3 Nf6 4. Bg2 Nc6 5. d3 e5 6. f4 Bg4 7. Nf3 Nd4 8. h3 Bxf3 9. Bxf3 Nxf3+ 10. Qxf3 Qd7 11. Be3 h5 12. a3 b5 13. Qg2 Qc6 14. 0-0 Be7 15. Nd5 Bd8 16. fxe5 dxe5 17. Rf5 Nd7 18. Qf3 Qg6 19. b4 Rc8 20. bxc5 f6 21. Qf2 a5 22. Rb1 b4 23. axb4 axb4 24. Rxb4 h4 25. g4 Qf7 26. Rc4 Qe6 27. Qd2 g6 28. Rf1 Rh7 29. Kh2 Rf7 30. Qg2 Qc6 31. Nb4 Qb5 32. Qf2 Nb8 33. Qxh4 f5 34. Qh8+ Kd7 35. Qg8 Re7 36. Qd5+ Ke8 37. Bg5 Rf7 38. Qxe5+ Be7 39. Nd5 Nc6 1-0